000 00460nam a2200157Ia 4500
008 100122s9999 xx 000 0 und d
082 _b75091
_a823
100 _aरॉय किणीकर
245 _aदर्यावर्दी कोलंबस
250 _a2
260 _c2007
300 _a148
630 _aदर्यावर्दी कोलंबस
730 _aदर्यावर्दी कोलंबस
942 _cBOOK
999 _c391137
_d391134